My India / (Record no. 29295)

MARC details
000 -LEADER
fixed length control field 00643nam a22002057a 4500
005 - DATE AND TIME OF LATEST TRANSACTION
control field 20090819144039.0
008 - FIXED-LENGTH DATA ELEMENTS--GENERAL INFORMATION
fixed length control field 090819t xxu||||| |||| 00| 0 eng d
010 ## - LCCN (DPL NO)
LC control number B-328877
020 ## - INTERNATIONAL STANDARD BOOK NUMBER
Terms of availability 210.00
035 ## - SYSTEM CONTROL NUMBER
System control number B-328877
037 ## - SOURCE OF ACQUISITION
Source of stock number/acquisition UBH
100 ## - MAIN ENTRY--PERSONAL NAME
Personal name Corbett,Jim
245 ## - TITLE STATEMENT
Title My India /
Statement of responsibility, etc by Jim Corbett
260 ## - PUBLICATION, DISTRIBUTION, ETC. (IMPRINT)
Place of publication, distribution, etc New Delhi
Name of publisher, distributor, etc Oxford University Press
Date of publication, distribution, etc 2008
270 ## - ADDRESS
City New Delhi
300 ## - PHYSICAL DESCRIPTION
Extent 188p.
Dimensions 21cm.(pbk)
942 ## - ADDED ENTRY ELEMENTS (KOHA)
Source of classification or shelving scheme Dewey Decimal Classification
Item type English Books
Call number suffix COR
Holdings
Withdrawn status Lost status Source of classification or shelving scheme Damaged status Not for loan Collection code Home library Current library Date acquired Source of acquisition Cost, normal purchase price Total Checkouts Full call number Barcode Date last seen Copy number Cost, replacement price Koha item type
    Dewey Decimal Classification     Fiction Kasturba Gandhi Marg Kasturba Gandhi Marg 29/05/2009 UBH 210.00   COR B-328877 19/08/2009 1 210.00 English Books

© Delhi Public Library
Hit Counter
free hit counter